Výskum využitia generatívneho dizajnu pre návrh implantátu v medicíne
Uložené v:
| Hlavný autor: | |
|---|---|
| Ďalší autori: | |
| Médium: | Rukopis Kniha |
| Jazyk: | Slovak |
| Vydavateľské údaje: |
2025
|
| Predmet: | |
| On-line prístup: | http://is.stuba.sk/zp/portal_zp.pl?podrobnosti=183993 |
| Tagy: |
Žiadne tagy, Buďte prvý, kto otaguje tento záznam!
|
MARC
| LEADER | 00000ntm a22000003a 4500 | ||
|---|---|---|---|
| 001 | stuzp104104 | ||
| 003 | SK-STU | ||
| 005 | 20250614212629.7 | ||
| 007 | ta | ||
| 008 | 150427s2015----xo-----f-mn---000-0-slo-d | ||
| 040 | |a STU |b slo | ||
| 041 | 0 | |a slo | |
| 100 | 1 | |a Kurinec, Rastislav |u 063000 |4 aut |U MTF Materiálovotechnologická fakulta |T MTF Ústav výrobných technológií |X 111872 |U M3000 |Y 83 |7 111872 | |
| 242 | 0 | 1 | |a Research on the Use of Generative Design for Implant in Medicine |y eng |
| 245 | 1 | 0 | |a Výskum využitia generatívneho dizajnu pre návrh implantátu v medicíne |
| 260 | |c 2025 | ||
| 650 | 4 | |a additive manufacturing |2 eng | |
| 650 | 4 | |a orthopedic implant |2 eng | |
| 650 | 4 | |a generative design |2 eng | |
| 650 | 4 | |a reverse engineering |2 eng | |
| 650 | 4 | |a aditívna výroba |2 slo | |
| 650 | 4 | |a ortopedický implantát |2 slo | |
| 650 | 4 | |a generatívny dizajn |2 slo | |
| 650 | 4 | |a reverzné inžinierstvo |2 slo | |
| 700 | 1 | |a Morovič, Ladislav |u 063200 |k Z1 |4 ths |U MTF Ústav výrobných technológií |T MTF Katedra obrábania a počítačovej podpory technológií |X 38280 |U M3200 |Y 164 |7 A000038280 | |
| 856 | 4 | |u http://is.stuba.sk/zp/portal_zp.pl?podrobnosti=183993 | |
| 996 | |c M* DP-15589 |l MMSKP |s P |a 0 |w stuzp104104_0001 | ||